College Lacrosse champions - Statistics

General Stats
  • This quiz has been taken 1,041 times
  • The average score is 11 of 15
Answer Stats
Hint Answer % Correct
2013 Duke
94%
2010 Duke
94%
2009 Syracuse
77%
2008 Syracuse
77%
2004 Syracuse
77%
2002 Syracuse
77%
2000 Syracuse
77%
2011 Virginia
73%
2006 Virginia
73%
2003 Virginia
73%
1999 Virginia
73%
2007 Johns Hopkins
68%
2005 Johns Hopkins
68%
2001 Princeton
52%
2012 Loyola
46%
No matching quizzes found
Score Distribution
Percent of People with Each Score
Percentile by Number Answered
Your Score History
You have not taken this quiz